000
00285nam a22001217a 4500
020
_a
0-85229-163-9
082
_a
030 GRE'H
100
_a
PAGE, B.S,MACKENNA, S
_9
76491
245
_a
PLOTINUS THE SIX ENNEADS
260
_a
CHICAGO
_b
WILLIAM BENTON
_c
1952
300
_a
V-17
942
_c
BK
999
_c
581882
_d
581882